Studies in Japanese culture

محفوظ في:
التفاصيل البيبلوغرافية
التنسيق: كتاب
اللغة:Undetermined
منشور في: Tokyo Sophia University 1963
الوسوم: إضافة وسم
لا توجد وسوم, كن أول من يضع وسما على هذه التسجيلة!
Thư viện lưu trữ: Trung tâm Học liệu Trường Đại học Cần Thơ
LEADER 00416nam a2200157Ia 4500
001 CTU_112096
008 210402s9999 xx 000 0 und d
082 |a 915.2 
082 |b S933 
245 0 |a Studies in Japanese culture 
245 0 |c Edited by Joseph Roggendorf 
260 |a Tokyo 
260 |b Sophia University 
260 |c 1963 
904 |i M.Loan 
980 |a Trung tâm Học liệu Trường Đại học Cần Thơ